[Event "EUR-chT Seniors 65"]
[Site "Mali Losinj"]
[Date "2019.09.26"]
[Round "9.4"]
[White "Palsson, Bertil"]
[Black "Nordenstrom, Sven"]
[Result "0-1"]
[WhiteElo "1784"]
[BlackElo "1874"]
[PlyCount "74"]
[EventDate "2019.09.18"]
[EventType "team-swiss"]
[EventRounds "9"]
[EventCountry "CRO"]
[SourceTitle "EXT 2020"]
[Source "ChessBase"]
[SourceDate "2019.10.17"]
[SourceVersion "1"]
[SourceVersionDate "2019.10.17"]
[SourceQuality "1"]
[WhiteTeam "Sweden 65 III"]
[BlackTeam "Sweden 65 II"]
[WhiteTeamCountry "SWE"]
[BlackTeamCountry "SWE"]

1. d4 d5 2. e3 Nf6 3. Bd3 c6 4. f4 Bg4 5. Nf3 e6 6. Nbd2 Nbd7 7. h3 Bxf3 8. Nxf3 Be7 9. 0-0 0-0 10. Ne5 c5 11. c3 cxd4 12. exd4 g6 13. Qe1 Nh5 14. Nxd7 Qxd7 15. Be2 Ng7 16. g4 f5 17. g5 Ne8 18. h4 Nd6 19. h5 Kg7 20. Kg2 Rh8 21. Rh1 Rae8 22. Rh4 Nf7 23. a4 a6 24. h6+ Kf8 25. b4 Bd6 26. b5 a5 27. Ba3 b6 28. Kf3 Rc8 29. Rh2 Bxa3 30. Rxa3 Qd6 31. Ra1 Nxg5+ 32. Ke3 Ne4 33. Bd3 Nf6 34. Kf3 g5 35. fxg5 Qxh2 36. Qxe6 Qh3+ 37. Ke2 Re8 0-1

[Event "EUR-chT Seniors 65"]
[Site "Mali Losinj"]
[Date "2019.09.24"]
[Round "7.4"]
[White "Palsson, Bertil"]
[Black "Petanjek, Zvonko"]
[Result "1/2-1/2"]
[WhiteElo "1784"]
[BlackElo "1650"]
[PlyCount "119"]
[EventDate "2019.09.18"]
[EventType "team-swiss"]
[EventRounds "9"]
[EventCountry "CRO"]
[SourceTitle "EXT 2020"]
[Source "ChessBase"]
[SourceDate "2019.10.17"]
[SourceVersion "1"]
[SourceVersionDate "2019.10.17"]
[SourceQuality "1"]
[WhiteTeam "Sweden 65 III"]
[BlackTeam "Mursko Sredisce 65"]
[WhiteTeamCountry "SWE"]
[BlackTeamCountry "CRO"]

1. e4 e5 2. Nf3 Nc6 3. Bc4 h6 4. d4 exd4 5. 0-0 Bc5 6. e5 Nge7 7. Nbd2 0-0 8. Nb3 d6 9. Re1 Bg4 10. h3 Bxf3 11. Qxf3 Nxe5 12. Rxe5 dxe5 13. Nxc5 b6 14. Nd3 Ng6 15. Bd2 Kh8 16. Qg3 c5 17. Re1 Qf6 18. Nxe5 Nxe5 19. Qxe5 Qxe5 20. Rxe5 f6 21. Re7 Rfe8 22. Rxe8+ Rxe8 23. Kf1 g5 24. h4 Kg7 25. f4 gxh4 26. f5 h3 27. gxh3 Re7 28. Be6 Kh7 29. Kf2 a5 30. a4 Rg7 31. Bf4 h5 32. Kf1 Re7 33. Bd5 Rd7 34. Bf3 d3 35. cxd3 Rxd3 36. Bxh5 Rxh3 37. Bd1 Rh4 38. Bc7 Rb4 39. b3 Kh6 40. Bc2 c4 41. Bd6 cxb3 42. Bxb4 bxc2 43. Bd2+ Kh5 44. Ke2 Kg4 45. Kd3 Kxf5 46. Kxc2 Ke4 47. Kc3 Kd5 48. Be3 Kc6 49. Kc4 f5 50. Bf4 Kb7 51. Kb5 Ka7 52. Be3 Kb7 53. Bxb6 f4 54. Kxa5 f3 55. Be3 Ka8 56. Kb6 Kb8 57. a5 Ka8 58. a6 Kb8 59. a7+ Ka8 60. Bf2 1/2-1/2

[Event "EUR-chT Seniors 65"]
[Site "Mali Losinj"]
[Date "2019.09.22"]
[Round "5.6"]
[White "Durkan, Joe"]
[Black "Palsson, Bertil"]
[Result "1-0"]
[WhiteElo "1459"]
[BlackElo "1784"]
[PlyCount "57"]
[EventDate "2019.09.18"]
[EventType "team-swiss"]
[EventRounds "9"]
[EventCountry "CRO"]
[SourceTitle "EXT 2020"]
[Source "ChessBase"]
[SourceDate "2019.10.17"]
[SourceVersion "1"]
[SourceVersionDate "2019.10.17"]
[SourceQuality "1"]
[WhiteTeam "Ireland 65"]
[BlackTeam "Sweden 65 III"]
[WhiteTeamCountry "IRL"]
[BlackTeamCountry "SWE"]

1. e4 d5 2. e5 c5 3. c3 Bf5 4. Nf3 Nc6 5. d4 c4 6. Nh4 e6 7. Nxf5 exf5 8. g3 f6 9. exf6 Nxf6 10. Bh3 g6 11. 0-0 Be7 12. Qe2 Qd7 13. Re1 0-0-0 14. Bf4 Rde8 15. Qc2 Bd6 16. Rxe8+ Rxe8 17. Be3 Ne4 18. Nd2 h6 19. Nf1 Kb8 20. Re1 Qf7 21. Qc1 Rh8 22. Bf4 g5 23. Bxd6+ Nxd6 24. Re2 g4 25. Qf4 Kc7 26. Bg2 Kd7 27. Ne3 Ne7 28. Qe5 Ne4 29. Qxh8 1-0

[Event "EUR-chT Seniors 65"]
[Site "Mali Losinj"]
[Date "2019.09.18"]
[Round "1.6"]
[White "Thoele, Wolfgang"]
[Black "Palsson, Bertil"]
[Result "1-0"]
[WhiteElo "1865"]
[BlackElo "1784"]
[PlyCount "125"]
[EventDate "2019.09.18"]
[EventType "team-swiss"]
[EventRounds "9"]
[EventCountry "CRO"]
[SourceTitle "EXT 2020"]
[Source "ChessBase"]
[SourceDate "2019.10.17"]
[SourceVersion "1"]
[SourceVersionDate "2019.10.17"]
[SourceQuality "1"]
[WhiteTeam "Bielefeld Rochade 65"]
[BlackTeam "Sweden 65 III"]
[WhiteTeamCountry "GER"]
[BlackTeamCountry "SWE"]

1. e4 d5 2. exd5 Nf6 3. d4 Bg4 4. Be2 Bxe2 5. Nxe2 Qxd5 6. 0-0 e6 7. Nbc3 Qh5 8. Bf4 Bd6 9. Bxd6 cxd6 10. Qd3 a6 11. Ng3 Qa5 12. Nge4 Qd8 13. Qg3 0-0 14. Qxd6 Nc6 15. Qxd8 Rfxd8 16. Nxf6+ gxf6 17. d5 exd5 18. Rad1 Nb4 19. a3 d4 20. axb4 dxc3 21. bxc3 Rac8 22. Rxd8+ Rxd8 23. f4 Rd2 24. Rc1 Rd7 25. Rb1 Rd2 26. Rb2 f5 27. h3 h5 28. Kh2 h4 29. Kg1 Kg7 30. b5 a5 31. b6 Kf6 32. Ra2 Rd1+ 33. Kf2 Rd2+ 34. Kf3 Rd6 35. Rb2 Rc6 36. Ke3 a4 37. Kd4 a3 38. Ra2 Rxb6 39. Rxa3 Ke6 40. Rb3 Rd6+ 41. Ke3 b6 42. Kf3 Kf6 43. g3 hxg3 44. Kxg3 Kg6 45. c4 Rc6 46. Rb5 f6 47. Rb4 Kh5 48. Ra4 Rc8 49. Kf3 Kg6 50. Ke3 Re8+ 51. Kd3 Rc8 52. Ra6 Rc6 53. Kd4 Rd6+ 54. Kc3 Re6 55. Kb4 Re4 56. Rxb6 Rxf4 57. Kb5 Rh4 58. c5 f4 59. c6 f3 60. Ra6 Re4 61. Ra3 Rf4 62. c7 f2 63. Ra1 1-0